| 000 | 02624cam a2200313Ii 4500 | ||
|---|---|---|---|
| 001 | on1035750316 | ||
| 005 | 20180817111320.0 | ||
| 008 | 180503s2018 deua b 000 0 eng d | ||
| 020 | _a9781622731015 | ||
| 020 | _a1622731018 | ||
| 035 | _a(OCoLC)1035750316 | ||
| 040 |
_aCo-BoUCM _bspa _cSaul Niño _dSaul Niño |
||
| 041 | 0 | _aeng | |
| 100 | 1 |
_aTurner, Barry _993344 |
|
| 245 | 1 | 0 |
_aReporting from the wars 1850 - 2015 _bthe origins and evolution of the war correspondent _cBarry Turner, Daniel Barredo Ibanez, Steven James Grattan |
| 260 |
_aUnited States _bVernon Press _c2018 |
||
| 300 | _axii, 279 páginas | ||
| 490 | 0 | _aVernon Series in Communication | |
| 520 | 8 | _aWar reporting has made a massive impression on the public not only in how wars are fought but why they are fought. The ability of the public to ?see? what is happening at the front changed the public?s attitude to war in very many respects and even where a war may be ?popular? the involvement of the press led to criticisms that have changed war almost in equal measure to the changes brought about by weapons technology. The book will be a compilation of historical and contemporary stories of the war correspondent and battlefield photographer from the earliest days of modern war reporting to the present. It will seek to determine the changes in style, method and practice of the work of the war correspondent and examine the changes in attitudes to, and how the public view war from the high point of imperialism to the present day jihad. This book will be of interest to journalists, academics, students and in general history. By mixing historical analysis with contributions from modern war reporters it will analyse such subjects as the role of propaganda in winning over the public to support wars of aggression, the portrayal of war as entertainment, the use of technology in war reporting and the lives, and sadly often the deaths of those who take on this most dangerous and disturbing vocation. Since modern war reporting commenced following the inventions of the electric telegraph and the camera there have been many different approaches to how the news should be brought to the reader and later the listener and viewer. | |
| 546 | _aTexto en inglés | ||
| 650 | 7 |
_aCorresponsales de guerra _912018 |
|
| 650 | 7 |
_aGuerra _916573 _xCubrimiento periodístico |
|
| 650 | 7 |
_aNoticias _920455 _xGuerra |
|
| 650 | 7 |
_aPeriodismo _921340 |
|
| 700 | 1 |
_aIbanez, Daniel Barredo _993345 |
|
| 700 | 1 |
_aGrattan, Steven James _993346 |
|
| 942 |
_2DEWEY _a24 _cLIBRO _e1 _h070.4333 _mT944r |
||
| 999 |
_c310273 _d310273 |
||